<?xml version="1.0" encoding="UTF-8"?>
<collection xmlns="http://www.loc.gov/MARC21/slim">
<record>
  <controlfield tag="001">111752</controlfield>
  <controlfield tag="005">20220329090258.0</controlfield>
  <datafield tag="037" ind1=" " ind2=" ">
    <subfield code="a">TAZ-TFG-2021-4830</subfield>
  </datafield>
  <datafield tag="041" ind1=" " ind2=" ">
    <subfield code="a">spa</subfield>
  </datafield>
  <datafield tag="100" ind1="1" ind2=" ">
    <subfield code="a">Escuer</subfield>
  </datafield>
  <datafield tag="100" ind1="1" ind2=" ">
    <subfield code="a">Arregui,</subfield>
  </datafield>
  <datafield tag="100" ind1="1" ind2=" ">
    <subfield code="a">Marta</subfield>
  </datafield>
  <datafield tag="242" ind1="0" ind2="0">
    <subfield code="a">Evaluation of the prescribed burning conditions that influence water repellency of soils under grass scrubbed by Echinospartum horridum in the Central Pyrenees</subfield>
  </datafield>
  <datafield tag="245" ind1="0" ind2="0">
    <subfield code="a">Evaluación de las condiciones de quema prescrita que influyen en la repelencia al agua de suelos bajo pasto matorralizado por erizón (Echinospartum horridum) en el Pirineo Central</subfield>
  </datafield>
  <datafield tag="260" ind1=" " ind2=" ">
    <subfield code="a">Zaragoza</subfield>
    <subfield code="b">Universidad de Zaragoza</subfield>
    <subfield code="c">2021</subfield>
  </datafield>
  <datafield tag="506" ind1=" " ind2=" ">
    <subfield code="a">by-nc-sa</subfield>
    <subfield code="b">Creative Commons</subfield>
    <subfield code="c">3.0</subfield>
    <subfield code="u">http://creativecommons.org/licenses/by-nc-sa/3.0/</subfield>
  </datafield>
  <datafield tag="520" ind1=" " ind2=" ">
    <subfield code="a">Con el objetivo de evaluar los efectos en el suelo de distintas severidades de quema, se han realizado quemas controladas de monolitos de suelo bajo distintas temperaturas y tiempos. Los monolitos han sido muestreados justo después de las quemas y tras cinco meses de conservación en invernadero, separando las capas de 0-1 y 1-3 cm. Se han medido atributos químicos (pH y conductividad eléctrica), atributos físicos (persistencia e intensidad de la repelencia al agua) y atributos biológicos (carbono orgánico, lábil, recalcitrante, intermedio, microbiano y respirado). Los resultados indican que las quemas de mayor severidad causan sobre la materia orgánica un fuerte impacto tanto a nivel cuantitativo como cualitativo, afectando a diversas fracciones del carbono orgánico, así como a la biomasa microbiana y su actividad. Las quemas de mayor severidad también causan una fuerte repelencia al agua en superficie o profundidad, en función de la duración de la quema. A los cinco meses, la mayoría de los parámetros han vuelto a valores iniciales, y ha desaparecido la hidrofobicidad post fuego, lo que sugiere una rápida recuperación del suelo frente a la perturbación causada por el fuego.&lt;br /></subfield>
  </datafield>
  <datafield tag="521" ind1=" " ind2=" ">
    <subfield code="a">Graduado en Ciencias Ambientales</subfield>
  </datafield>
  <datafield tag="540" ind1=" " ind2=" ">
    <subfield code="a">Derechos regulados por licencia Creative Commons</subfield>
  </datafield>
  <datafield tag="700" ind1=" " ind2=" ">
    <subfield code="a">Ortiz Perpiña, Oriol</subfield>
    <subfield code="e">dir.</subfield>
  </datafield>
  <datafield tag="710" ind1="2" ind2=" ">
    <subfield code="a">Universidad de Zaragoza</subfield>
    <subfield code="b">Ciencias Agrarias y del Medio Natural</subfield>
    <subfield code="c">Edafología y Química Agrícola</subfield>
  </datafield>
  <datafield tag="856" ind1="0" ind2=" ">
    <subfield code="f">701803@unizar.es</subfield>
  </datafield>
  <datafield tag="856" ind1="4" ind2=" ">
    <subfield code="s">5785957</subfield>
    <subfield code="u">http://zaguan.unizar.es/record/111752/files/TAZ-TFG-2021-4830.pdf</subfield>
    <subfield code="y">Memoria (spa)</subfield>
  </datafield>
  <datafield tag="909" ind1="C" ind2="O">
    <subfield code="o">oai:zaguan.unizar.es:111752</subfield>
    <subfield code="p">driver</subfield>
    <subfield code="p">trabajos-fin-grado</subfield>
  </datafield>
  <datafield tag="950" ind1=" " ind2=" ">
    <subfield code="a"></subfield>
  </datafield>
  <datafield tag="980" ind1=" " ind2=" ">
    <subfield code="a">TAZ</subfield>
    <subfield code="b">TFG</subfield>
    <subfield code="c">EPSHUES</subfield>
  </datafield>
  <datafield tag="999" ind1=" " ind2=" ">
    <subfield code="a">20211129135157.CREATION_DATE</subfield>
  </datafield>
  <datafield tag="951" ind1=" " ind2=" ">
    <subfield code="a">deposita:2022-03-29</subfield>
  </datafield>
</record>
</collection>